Hoofdsteden foto quiz #2 - Statistieken

Algemene statistieken
  • Deze quiz is 20 keer genomen
  • De gemiddelde score is 5 van 16
Antwoordstatistieken
Foto Antwoord % Correct
Amsterdam
94%
Cairo
89%
Washington D.C.
89%
Praag
78%
Mexico-Stad
39%
Bratislava
28%
Riga
28%
Havana
22%
Riyad
17%
Seoel
17%
Kathmandu
11%
Colombo
6%
Nassau
6%
Valletta
6%
Harare
0%
Wellington
0%
Geen overeenkomende quizzen gevonden
Scoreverdeling
Procent van Mensen met Elke Score
Percentiel versus Aantal Correcte Antwoorden
Uw Scoregeschiedenis
U heeft deze quiz nog niet genomen